Normal view
MARC view
- Sociology--Collections.
Entry Topical Term
001 - CONTROL NUMBER
- control field: 473
003 - CONTROL NUMBER IDENTIFIER
- control field: NUST
005 - DATE AND TIME OF LATEST TRANSACTION
- control field: 20170511131438.0
008 - FIXED-LENGTH DATA ELEMENTS
- fixed length control field: 170511|| aca||aabn | a|a d
040 ## - CATALOGING SOURCE
- Original cataloging agency: NUST
- Transcribing agency: NUST
150 ## - HEADING--TOPICAL TERM
- Topical term or geographic name entry element: Sociology--Collections.
670 ## - SOURCE DATA FOUND
- Source citation: Work cat.: (NUST)23588: Abdul Hameed Taga 472, Theory & Research in Sociology, c2007
